Nízke Tatry horský hotel Kosodrevina, výťah na Chopok, horský hotel Srdiečko, vrcholová stanica sedačkového výťahu na Chopok

Zobrazenie: 4 čiastkové pohľady

Bibliographic Details
Main Author: Bičan, Ferdinand (Author, Photographer)
Other Authors: Marková, Margita (Photographer), Maleček, František, 1926- (Photographer)
Format: Photo
Language:Slovak
Published: Bratislava ČTK-Pressfoto [1974]
Subjects:

MARC

LEADER 00000nkm a2200000 a 4500
001 vtls010664043
003 SK-MaSNL
005 20260301215425.0
007 kf co
008 231214s1974 xo g kzslo
035 |a 49D3D631-23E8-482D-8A57-1B92889990C7 
035 |a urn:nbn:sk:snk-kmy0si 
035 |a urn:nbn:sk:snk-km007xc2 
040 |a SNK  |b slo  |c SNK  |e AACR2 
041 0 |a slo 
044 |a xo  |c SK 
080 |a (234.372.4)  |2 2001 
080 |a (084.121)  |2 2001 
100 1 |a Bičan, Ferdinand  |4 aut  |4 pht  |9 42884 
245 1 0 |a Nízke Tatry  |h grafika  |b horský hotel Kosodrevina, výťah na Chopok, horský hotel Srdiečko, vrcholová stanica sedačkového výťahu na Chopok  |c foto: F. Bičan, M. Marková, F. Maleček 
246 1 1 |a Nizkije Tatry 
246 1 1 |a Niedere Tatra 
246 1 1 |a Low Tatras 
260 |a Bratislava  |b ČTK-Pressfoto  |c [1974] 
300 |a 1 pohľadnica  |b farebná  |c 11 x 15 cm 
520 8 |a Zobrazenie: 4 čiastkové pohľady 
651 7 |a Nízke Tatry (Slovensko : pohorie)  |2 SNKPH  |9 173011 
655 7 |a geografické pohľadnice  |2 SNKPH  |9 70522 
655 7 |a miestne pohľadnice  |2 SNKPH  |9 70510 
700 1 |a Marková, Margita  |4 pht  |9 331882 
700 1 |a Maleček, František,  |d 1926-  |4 pht  |9 61427 
852 |a Slovenská národná knižnica 
954 |a pohľadnice pôvodné (slovenské)  |2 lita 
954 |a pohľadnice cudzojazyčné (svetové)  |2 lita 
958 |a GC 
958 |a GBN 
958 |a OND 
999 |c 928126  |d 930056 
952 |a SNK  |b SNK  |y PREZ  |7 0  |p 17A1122779  |o snkSP 153148  |i snk2015/10863  |8 3  |g 0.50  |0 0  |1 0  |4 0  |d 2015-03-30  |f 1  |l 0  |r 2026-02-24 08:39:24  |w 2026-02-24